<?xml version="1.0" encoding="UTF-8"?>
<record
    xmlns:xsi="http://www.w3.org/2001/XMLSchema-instance"
    xsi:schemaLocation="http://www.loc.gov/MARC21/slim http://www.loc.gov/standards/marcxml/schema/MARC21slim.xsd"
    xmlns="http://www.loc.gov/MARC21/slim">

  <leader>01873nab a2200253 ab4500</leader>
  <controlfield tag="005">20260702141520.0</controlfield>
  <controlfield tag="008">260604b2025    sp tr poo|    0   0 spa d</controlfield>
  <controlfield tag="003"></controlfield>
  <datafield tag="040" ind1=" " ind2=" ">
    <subfield code="a">MX-MxUPN</subfield>
    <subfield code="b">spa</subfield>
    <subfield code="c">MX-MxUPN</subfield>
    <subfield code="e">aacr2</subfield>
  </datafield>
  <datafield tag="100" ind1="1" ind2=" ">
    <subfield code="a">Fuentes Mart&#xED;nez, Guadalupe</subfield>
    <subfield code="9">60199</subfield>
  </datafield>
  <datafield tag="100" ind1="1" ind2=" ">
    <subfield code="a">Robles S&#xE1;nchez, Francisco Javier</subfield>
    <subfield code="9">60200</subfield>
  </datafield>
  <datafield tag="245" ind1="1" ind2=" ">
    <subfield code="a">Concepto y medici&#xF3;n de la autocratizaci&#xF3;n social :</subfield>
    <subfield code="b">test en el Norte de &#xC1;frica y Oriente Pr&#xF3;ximo</subfield>
    <subfield code="h">[recurso electr&#xF3;nico en l&#xED;nea]</subfield>
  </datafield>
  <datafield tag="506" ind1="0" ind2=" ">
    <subfield code="a">Acceso abierto</subfield>
  </datafield>
  <datafield tag="520" ind1="3" ind2=" ">
    <subfield code="a">Este art&#xED;culo propone un &#xCD;ndice de Autocracia Social a escala global, basado en resultados de la Encuesta Mundial de Valores, que permite advertir procesos de autocratizaci&#xF3;n social, as&#xED; como la categorizaci&#xF3;n de los mismos en virtud de su intensidad, naturaleza y contexto. Aplicado al Norte de &#xC1;frica y Oriente Pr&#xF3;ximo, descubrimos que no existe relaci&#xF3;n un&#xED;voca entre autocratizaci&#xF3;n social, autocratizaci&#xF3;n institucional y deterioro del nivel de seguridad entre 2010 y 2022. Mientras que Marruecos, Turqu&#xED;a e Irak comparten procesos de consolidaci&#xF3;n autocr&#xE1;tica social de intensidad m&#xED;nima que difieren en su naturaleza (integral/parcial) y contextualizaci&#xF3;n institucional y securitaria, en Egipto acontece una reducci&#xF3;n significativa m&#xED;nima del nivel de autocracia social, de forma integral, y en un contexto de autocratizaci&#xF3;n institucional y empeoramiento del nivel de seguridad. </subfield>
    <subfield code="c">REIS</subfield>
  </datafield>
  <datafield tag="653" ind1=" " ind2=" ">
    <subfield code="a">Actitudes sociales</subfield>
  </datafield>
  <datafield tag="653" ind1=" " ind2=" ">
    <subfield code="a">Autocracia social</subfield>
  </datafield>
  <datafield tag="653" ind1=" " ind2=" ">
    <subfield code="a">Autocratizaci&#xF3;n</subfield>
  </datafield>
  <datafield tag="653" ind1=" " ind2=" ">
    <subfield code="a">Medici&#xF3;n cuantitativa</subfield>
  </datafield>
  <datafield tag="773" ind1=" " ind2=" ">
    <subfield code="g">No. 193 (2025), p. 89-112</subfield>
    <subfield code="t">REIS: revista espa&#xF1;ola de investigaciones sociol&#xF3;gicas</subfield>
    <subfield code="x">1988-5903</subfield>
  </datafield>
  <datafield tag="856" ind1="4" ind2=" ">
    <subfield code="u">https://reis.cis.es/index.php/reis/article/view/2516</subfield>
  </datafield>
  <datafield tag="856" ind1="4" ind2=" ">
    <subfield code="u">https://reis.cis.es/index.php/reis/article/view/2516/3089</subfield>
  </datafield>
  <datafield tag="902" ind1=" " ind2=" ">
    <subfield code="a">Leonor Sotres/020726</subfield>
  </datafield>
  <datafield tag="942" ind1=" " ind2=" ">
    <subfield code="c">ART-E</subfield>
  </datafield>
  <datafield tag="952" ind1=" " ind2=" ">
    <subfield code="0">0</subfield>
    <subfield code="1">0</subfield>
    <subfield code="4">0</subfield>
    <subfield code="7">0</subfield>
    <subfield code="8">CAA</subfield>
    <subfield code="a">BCUPN50</subfield>
    <subfield code="b">BCUPN50</subfield>
    <subfield code="c">ENL</subfield>
    <subfield code="d">2026-07-02</subfield>
    <subfield code="l">0</subfield>
    <subfield code="r">2026-07-02 14:15:43</subfield>
    <subfield code="u">https://reis.cis.es/index.php/reis/article/view/2516/3089</subfield>
    <subfield code="w">2026-07-02</subfield>
    <subfield code="y">ART-E</subfield>
  </datafield>
  <datafield tag="999" ind1=" " ind2=" ">
    <subfield code="c">215496</subfield>
    <subfield code="d">215496</subfield>
  </datafield>
</record>
